| 000 | 01567nam a2200349 i 4500 | ||
|---|---|---|---|
| 001 | 000042157 | ||
| 003 | DO-SdBNP | ||
| 005 | 20250204075441.0 | ||
| 007 | ta | ||
| 008 | 131118s2013 dr bc 001 0 spa d | ||
| 020 | _a9789945887792 | ||
| 040 |
_aDO-SdBNP _bspa _cBNPHU _erda |
||
| 082 | 4 |
_a338.4763361 _bG216d _222 |
|
| 100 | 1 |
_aGarcía Muñiz, Humberto, _eautor _4aut. _969157 |
|
| 240 | 1 | 0 | _aSugar and power in the Caribbean: the South Porto Rico Sugar company in Puerto Rico and the Dominican Republic, 1900-1921 |
| 245 | 1 | 0 |
_aDe la central Guánica al Central Romana : _bla south Porto Rico sugar company en Puerto Rico y la República Dominicana, 1900-1921 / _cHumberto García Muñiz. |
| 264 | 1 |
_aSanto Domingo : _bAcademia Dominicana de la Historia, _c2013. |
|
| 300 |
_a598 páginas : _bil.}ustraciones, gráficos, retratos, tablas ; _c23 cm. |
||
| 336 |
_2rdacontent _atexto _btxt |
||
| 337 |
_2rdamedia _asin mediación _bn |
||
| 338 |
_2rdacarrier _avolumen _bnc |
||
| 490 |
_aColección Academia Dominicana de la Historia _v78 |
||
| 500 | _aIncluye índice onomástico | ||
| 500 | _aIncluye índice de tablas, gráficos, mapas, fotografías, imágenes y apéndices. | ||
| 500 | _aIncluye datos biográficos del autor en la solapa de la cubierta. | ||
| 504 | _aBibliografía : páginas 539-569. | ||
| 590 | _aInventariado, 2018/DG | ||
| 650 | 4 |
_aCaña de azucar _zRepública Dominicana _xHistoria _969158 |
|
| 650 | 4 |
_aIndustria azucarera _zRepública Dominicana _xHistoria _9202 |
|
| 910 | _aValidado. Control de calidad EMS | ||
| 942 |
_2ddc _cLBS1 |
||
| 999 |
_c41646 _d41646 |
||